|
|
|
|
| LEADER |
00000cam a2200000 7i4500 |
| 001 |
0000003253 |
| 005 |
20050422.0 |
| 020 |
0 |
0 |
|a 1844070697
|
| 090 |
0 |
0 |
|a 333.7830968
|b PAR
|
| 245 |
1 |
0 |
|a Parks in transition :
|b biodiversity, rural development, and the bottom line
|c edited by Brian Child.
|
| 260 |
0 |
0 |
|a London
|a Sterling, VA :
|b Earthscan Publications ,
|c 2004.
|
| 300 |
|
|
|a xviii, 267 p. :
|b ill. ;
|c 24 cm.
|
| 650 |
0 |
0 |
|a Biological diversity
|z Africa, Southern.
|
| 650 |
0 |
0 |
|a National parks and reserves
|z Africa, Southern
|x Management.
|
| 650 |
0 |
0 |
|a Rural development
|z Africa, Southern.
|
| 700 |
1 |
1 |
|a Child, B. [
|q (Brian)]
|
| 999 |
|
|
|a 0000006213
|b Monograph
|c Open Shelf
|e Default branch
|